| 000 | 01365cam a22003015a 4500 | ||
|---|---|---|---|
| 001 | 15961870 | ||
| 005 | 20201128023754.0 | ||
| 008 | 091027s2011 maua frb 001 0 eng d | ||
| 010 | _a 2009940128 | ||
| 020 | _a0495797235 | ||
| 020 | _a9780495797234 | ||
| 040 |
_aDLC _cDLC _dEG-ScBUE _beng |
||
| 082 | 0 | 4 |
_222 _a341 _bSLO |
| 100 | 1 |
_aSlomanson, William R. _940459 |
|
| 245 | 1 | 0 |
_aFundamental perspectives on International law / _cWilliam R. Slomanson. |
| 250 | _a6th ed., International ed. | ||
| 260 |
_aBoston, Massachusetts : _bWadsworth / Cengage Learning, _cc.2011. |
||
| 300 |
_axix, 772 p. : _bill. ; _c26 cm. |
||
| 500 | _aIndex : p. 753-772. | ||
| 504 | _aIncludes bibliographical references. | ||
| 505 | _aWhat Is International Law -- States -- Organizations -- Individuals And Corporations -- Extraterritorial Jurisdiction -- Range Of Sovereignty -- Treaties -- Arbitration And Adjudication -- Use Of Force -- Human Rights -- Environment -- Economic Relations. | ||
| 520 | _aOffers a mix of cases, articles, documents, text, charts, tables, and questions. This book introduces concepts of international law. | ||
| 650 | 7 |
_aInternational Law. _2BUEsh _91137 |
|
| 651 | _2BUEsh | ||
| 653 |
_bLLAAWW _cJuly2016 |
||
| 856 | 4 | 1 |
_3Table of contents only _uhttp://www.loc.gov/catdir/enhancements/fy1105/2009940128-t.html |
| 942 |
_2ddc _e22 _k341 SLO |
||
| 999 |
_c22033 _d22005 |
||